Fußballer mit höchstem Marktwert nach Buchstabe - schwer - Statistiken

Allgemein
  • Dieses Quiz wurde 99 mal gespielt
  • Das Durchschnittsergebnis liegt bei 12 aus 26
Antwortstatistiken
Buchstabe Marktwert in Mio. Spieler % Korrekt
H 200 Erling Haaland
91%
M 180 Kylian Mbappe
90%
B 180 Jude Bellingham
88%
V 200 Vinicius Junior
83%
W 130 Florian Wirtz
79%
Y 150 Lamine Yamal
72%
R 130 Rodri
71%
F 180 Phil Foden
63%
K 100 Harry Kane
62%
S 140 Bukayo Saka
54%
T 100 Aurelien Tchouameni
46%
C 100 Eduardo Camavinga
46%
G 90 Gavi
46%
P 90 Cole Palmer
40%
A 75 Julian Alvarez
39%
O 110 Martin Odegaard
35%
X 20 Granit Xhaka
30%
D 80 Luis Diaz
30%
N 65 Christopher Nkunku / Darwin Nunez
26%
E 60 Eberechi Eze / Endrick
26%
U 50 Manuel Ugarte
24%
I 75 Alexander Isak
23%
Z 60 Martin Zubimendi / Warren Zaire-Emery
23%
L 90 Rafael Leao
23%
J 55 Gabriel Jesus
16%
Q 22 Jarell Quansah
13%
Keine übereinstimmenden Quizze gefunden
Verteilung der Resultate
Anzahl Personen mit jedem Resultat
Perzentil nach korrekt beantworteten Fragen
Ihre Resultats-Entwicklung
Sie haben dieses Quiz noch nicht gespielt